| 000 | 00683nam a22002057a 4500 | ||
|---|---|---|---|
| 999 |
_c20173 _d20173 |
||
| 003 | AR-CdUCM | ||
| 008 | 190527b ||||| |||| 00| 0 spa d | ||
| 040 |
_aMUNICIPALIDAD PROVINCIAL DEL CUSCO _cBIBLIOTECA MUNICIPAL DEL CUSCO |
||
| 082 |
_a869.26 / _bC781 |
||
| 100 |
_aCortázar, Julio _9909 |
||
| 245 | _aLas armas secretas / | ||
| 260 |
_aBuenos Aires : _bSudamericana, _c1972. |
||
| 300 |
_a221 páginas ; _c18 cm. |
||
| 505 | _aContenido: Cartas de Mamá -- Los buenos servicios -- Las babas del diablo... | ||
| 650 |
_aCuentos argentinos _92794 |
||
| 650 |
_aLiteratura sudamericana _96319 |
||
| 650 |
_aArgentina _9511 |
||
| 942 |
_2ddc _cLIBROS |
||
| 945 |
_adavv _d2019-05-27 |
||